00836nam a22002057a 4500952014800000952015400148999001700302003000900319005001700328008004100345040001300386082001500399100003300414245002600447260006300473300002200536650002800558700003200586942001200618 00102ddc40708NFICaASLbASLcGENd2021-01-13eDonated by Prof. Husniara Huql0o297.5 NAIp104266r2021-01-13 00:00:00tC-1w2021-01-13yBK 00102ddc40718NFICaASLbASLcGENd2021-01-14eDonated by Prof. Husniara Huql0o297.5 NAIp104336r2021-01-14 00:00:00tC-2w2021-01-14yBKzRARE c20783d20783BDDh-ASL20231015025932.0210113n pk ||||| |||| 00| 0 eng d cBDDh-ASL a297.5bNAI1 92754aNadawi, Abul Hasan Ali00aIslam and the World / aLahore: bThe Academy of Islamic Research & Publications,  a195 p.: c22 cm.  091652aIslam xReligion 1 92755aQidwai, Muhammad Asaf 2ddccBK